000 01051nam a2200205 a 4500
001 19446
003 CO-ViMGA
008 141112s2004 ck r 000 u spa d
020 _a9681834240
040 _aCO-ViMGA
_bspa
_cCO-ViMGA
082 0 4 _a690 B145
100 1 _aBailey,
_928005
245 1 0 _aCurso Básico de Construcción
260 _aMexico :
_bLimusa; 2002
300 _a3 Vol.
505 _aVol. 1 : Trazo y nivelación del terreno Excavación y ademado Concreto Cimentaciones para muros y pilares Ladrillos Morteros Subestructuras Herramientas de albañilería Vol. 2 : Pisos sólidos construidos sobre el terreno Enlaces o trabazón de la albañileria Construcción de muros Puentes sobre las aberturas Pilastras esquinas oblicuas Tabiques de separación Chimeneas domesticas Vol. 3 : Revestimiento Características decorativas y funcionales Albañileria reforzada Construcción de escalones Drenajes Andamiajes Pavimentación
590 _aForma de adquisición : Premio Mincultura
650 1 4 _aCONSTRUCCION
_952240
942 _2ddc
_cBK
999 _c3432
_d3432